Bones In The Head - Statistics

General Stats
  • This quiz has been taken 1,360 times
  • The average score is 10 of 17
Answer Stats
Type of Bone Number of Bones Bone Name % Correct
Facial One Mandible
88%
Cranial One Frontal Bone
87%
One Occipital Bone
84%
Two Maxilla
81%
Two Temporal Bone
81%
Two Parietal Bone
77%
Two Zygomatic Bone
74%
Two Nasal Bone
69%
One Sphenoid Bone
60%
One Ethmoid Bone
53%
Two Stapes
49%
In the Ear Two Malleus
45%
Two Incus
44%
Two Lacrimal Bone
44%
One Vomer
39%
Two Palatine Bone
32%
Two Inferior Nasal Concha
24%
No matching quizzes found
Score Distribution
Percent of People with Each Score
Percentile by Number Answered
Your Score History
You have not taken this quiz